The Veterinary clinics of North America vol. 35, no. 4: (Record no. 26688)
[ view plain ]
| 000 -LEADER | |
|---|---|
| fixed length control field | 01332nam a22003017a 4500 |
| 003 - CONTROL NUMBER IDENTIFIER | |
| control field | OSt |
| 005 - DATE AND TIME OF LATEST TRANSACTION | |
| control field | 20170518104238.0 |
| 008 - FIXED-LENGTH DATA ELEMENTS--GENERAL INFORMATION | |
| fixed length control field | 170401b xxu||||| |||| 00| 0 eng d |
| 022 ## - INTERNATIONAL STANDARD SERIAL NUMBER | |
| International Standard Serial Number | 01955616 |
| 040 ## - CATALOGING SOURCE | |
| Original cataloging agency | MMU |
| Language of cataloging | eng. |
| Transcribing agency | MMU |
| Modifying agency | MMU |
| 070 0# - NATIONAL AGRICULTURAL LIBRARY CALL NUMBER | |
| Classification number | SF601.V523 2005 |
| 245 04 - TITLE STATEMENT | |
| Title | The Veterinary clinics of North America vol. 35, no. 4: |
| Name of part/section of a work | small animal practice:dentistry/ |
| Statement of responsibility, etc. | edited by Steven E. Holmstrom. |
| 260 ## - PUBLICATION, DISTRIBUTION, ETC. (IMPRINT) | |
| Place of publication, distribution, etc. | Philadelphia, |
| Name of publisher, distributor, etc. | Saunders, |
| Date of publication, distribution, etc. | 2005. |
| 300 ## - PHYSICAL DESCRIPTION | |
| Extent | xiv,308p.; |
| 500 ## - GENERAL NOTE | |
| General note | Includes index. |
| 510 2# - CITATION/REFERENCES NOTE | |
| Name of source | Chemical abstracts |
| International Standard Serial Number | 0009-2258 |
| Coverage of source | 1979-1983 |
| 580 ## - LINKING ENTRY COMPLEXITY NOTE | |
| Linking entry complexity note | Split into: Veterinary clinics of North America. Equine practice; and: Veterinary clinics of North America. Food animal practice. |
| 650 #0 - SUBJECT ADDED ENTRY--TOPICAL TERM | |
| Topical term or geographic name as entry element | Veterinary medicine |
| Form subdivision | Periodicals. |
| 650 #2 - SUBJECT ADDED ENTRY--TOPICAL TERM | |
| Topical term or geographic name as entry element | Veterinary Medicine. |
| 650 #7 - SUBJECT ADDED ENTRY--TOPICAL TERM | |
| Topical term or geographic name as entry element | Veterinary medicine. |
| Source of heading or term | fast |
| Authority record control number | (OCoLC)fst01165977 |
| 655 #2 - INDEX TERM--GENRE/FORM | |
| Genre/form data or focus term | Periodicals. |
| 655 #7 - INDEX TERM--GENRE/FORM | |
| Genre/form data or focus term | Periodicals. |
| Source of term | fast |
| Authority record control number | (OCoLC)fst01411641 |
| 776 08 - ADDITIONAL PHYSICAL FORM ENTRY | |
| Relationship information | Online version: |
| Title | Veterinary clinics of North America: Large animal practice |
| Record control number | (OCoLC)707203126 |
| 780 03 - PRECEDING ENTRY | |
| Title | Veterinary clinics of North America |
| International Standard Serial Number | 0091-0279 |
| 785 16 - SUCCEEDING ENTRY | |
| Title | Veterinary clinics of North America. Equine practice |
| International Standard Serial Number | 0749-0739 |
| Record control number | (OCoLC)11078671 |
| 785 16 - SUCCEEDING ENTRY | |
| Title | Veterinary clinics of North America. Food animal practice |
| International Standard Serial Number | 0749-0720 |
| Record control number | (OCoLC)11078622 |
| 942 ## - ADDED ENTRY ELEMENTS (KOHA) | |
| Source of classification or shelving scheme | Library of Congress Classification |
| Koha item type | L |
| Withdrawn status | Lost status | Source of classification or shelving scheme | Damaged status | Not for loan | Home library | Current library | Date acquired | Source of acquisition | Total Checkouts | Full call number | Barcode | Date last seen | Price effective from | Koha item type |
|---|---|---|---|---|---|---|---|---|---|---|---|---|---|---|
| Library of Congress Classification | Maasai Mara University Library -Main Campus | Maasai Mara University Library -Main Campus | 04/01/2017 | Donation-T4C | SF601.V523 2005 | 17030274 | 04/01/2017 | 04/01/2017 | L |